<?xml version="1.0" encoding="UTF-8"?>
<record
    xmlns:xsi="http://www.w3.org/2001/XMLSchema-instance"
    xsi:schemaLocation="http://www.loc.gov/MARC21/slim http://www.loc.gov/standards/marcxml/schema/MARC21slim.xsd"
    xmlns="http://www.loc.gov/MARC21/slim">

  <leader>01898nam a2200373 a 4500</leader>
  <controlfield tag="001">00159</controlfield>
  <controlfield tag="003">DO-SdBNP</controlfield>
  <controlfield tag="005">20180313160044.0</controlfield>
  <controlfield tag="007">00159</controlfield>
  <controlfield tag="008">091118s2001  dr 2001         000 0 spa d</controlfield>
  <datafield tag="020" ind1=" " ind2=" ">
    <subfield code="a">8482613383</subfield>
  </datafield>
  <datafield tag="040" ind1=" " ind2=" ">
    <subfield code="a">BPMSU</subfield>
    <subfield code="b">spa</subfield>
    <subfield code="c">BPMSU</subfield>
  </datafield>
  <datafield tag="092" ind1=" " ind2=" ">
    <subfield code="a">373.7   </subfield>
    <subfield code="b">M425u    1ro.    2001</subfield>
  </datafield>
  <datafield tag="245" ind1="0" ind2="0">
    <subfield code="a">Matem&#xE1;ticas 1 :</subfield>
    <subfield code="b">[educaci&#xF3;n media]  /</subfield>
    <subfield code="c">Orelvis F&#xE9;lix...[et al.];  editor Andr&#xE9;s Molina Maloon; ilustraciones Ruddy N&#xFA;&#xF1;ez </subfield>
  </datafield>
  <datafield tag="260" ind1=" " ind2=" ">
    <subfield code="a">Santo Domingo, :</subfield>
    <subfield code="b">Santillana,</subfield>
    <subfield code="c">2001.</subfield>
  </datafield>
  <datafield tag="300" ind1=" " ind2=" ">
    <subfield code="a">279 p. : </subfield>
    <subfield code="b">il. </subfield>
    <subfield code="c">29 cm. </subfield>
  </datafield>
  <datafield tag="505" ind1="0" ind2=" ">
    <subfield code="t">Unidad 1.: L&#xF3;gica simb&#xF3;lica --</subfield>
    <subfield code="t">Unidad 2 .: Teor&#xED;a de conjuntos  --</subfield>
    <subfield code="t">Unidad 3.: Operaciones conjuntistas --</subfield>
    <subfield code="t">Unidad 4 .: Introducci&#xF3;n al &#xE1;lgebra --</subfield>
    <subfield code="t">Unidad 5.: Operaciones algebraicas --</subfield>
    <subfield code="t">Unidad 6.: Factorizaci&#xF3;n de  polinomios  --</subfield>
    <subfield code="t">Unidad 7.: Ecuaciones de primer grado  --</subfield>
    <subfield code="t">Unidad 8.: Ecuaciones --</subfield>
    <subfield code="t">Unidad 9.: Intervalos  --</subfield>
    <subfield code="t">Unidad 10 .: Fracciones algebraicas  --</subfield>
    <subfield code="t">Unidad 11. : Los n&#xFA;meros complejos-- </subfield>
    <subfield code="t">Unidad 12.: La ecuaciones cuadr&#xE1;tica --</subfield>
  </datafield>
  <datafield tag="505" ind1="0" ind2=" ">
    <subfield code="t">Unidad 13.: Proporcionalidad y semejanza --</subfield>
    <subfield code="t">Unidad 14.: &#xC1;ngulos. Medidas angulares -- </subfield>
    <subfield code="t">Unidad 15.: Geometr&#xED;a del espacio --</subfield>
    <subfield code="t">Unidad 16.: Estad&#xED;stica y probabilidades</subfield>
  </datafield>
  <datafield tag="650" ind1=" " ind2=" ">
    <subfield code="a">MATEM&#xC1;TICAS</subfield>
    <subfield code="x">ENSE&#xD1;ANZA SECUNDARIA</subfield>
  </datafield>
  <datafield tag="650" ind1=" " ind2="4">
    <subfield code="a">EDUCACI&#xD3;N SECUNDARIA</subfield>
    <subfield code="z">REP&#xDA;BLICA DOMINICANA</subfield>
  </datafield>
  <datafield tag="650" ind1=" " ind2="4">
    <subfield code="a">MATEM&#xC1;TICAS</subfield>
    <subfield code="x">ESTUDIOS Y EJERCICIOS</subfield>
  </datafield>
  <datafield tag="650" ind1=" " ind2="4">
    <subfield code="a">MATEM&#xC1;TICAS</subfield>
    <subfield code="x">LIBROS DE TEXTOS</subfield>
  </datafield>
  <datafield tag="700" ind1="1" ind2=" ">
    <subfield code="a">F&#xE9;lix, Orelvis</subfield>
  </datafield>
  <datafield tag="700" ind1="1" ind2=" ">
    <subfield code="a">Molina Maloon, Andr&#xE9;s,</subfield>
    <subfield code="e">ed.</subfield>
  </datafield>
  <datafield tag="700" ind1="1" ind2=" ">
    <subfield code="a">N&#xFA;&#xF1;ez,  Ruddy </subfield>
    <subfield code="e">il.</subfield>
  </datafield>
  <datafield tag="910" ind1=" " ind2=" ">
    <subfield code="a">Validado. Control de calidad MFF</subfield>
  </datafield>
  <datafield tag="930" ind1=" " ind2="1">
    <subfield code="l">BND01</subfield>
    <subfield code="m">LF1</subfield>
    <subfield code="8">20091118</subfield>
    <subfield code="f">01</subfield>
    <subfield code="p">HD</subfield>
    <subfield code="g">7830</subfield>
  </datafield>
  <datafield tag="942" ind1=" " ind2=" ">
    <subfield code="2">ddc</subfield>
    <subfield code="c">BK</subfield>
  </datafield>
  <datafield tag="945" ind1=" " ind2=" ">
    <subfield code="a">Inventariado, 2018/ YL</subfield>
  </datafield>
  <datafield tag="952" ind1=" " ind2=" ">
    <subfield code="0">0</subfield>
    <subfield code="1">0</subfield>
    <subfield code="2">ddc</subfield>
    <subfield code="4">0</subfield>
    <subfield code="7">0</subfield>
    <subfield code="8">CE</subfield>
    <subfield code="a">BPMET</subfield>
    <subfield code="b">BPMET</subfield>
    <subfield code="d">2015-07-27</subfield>
    <subfield code="e">Donaci&#xF3;n</subfield>
    <subfield code="l">0</subfield>
    <subfield code="o">373.7   M425u    1ro.   2001</subfield>
    <subfield code="p">BPMSU15070388</subfield>
    <subfield code="r">2015-07-27</subfield>
    <subfield code="w">2015-07-27</subfield>
    <subfield code="y">BK</subfield>
  </datafield>
  <datafield tag="952" ind1=" " ind2=" ">
    <subfield code="0">0</subfield>
    <subfield code="1">0</subfield>
    <subfield code="2">ddc</subfield>
    <subfield code="4">0</subfield>
    <subfield code="7">0</subfield>
    <subfield code="8">CE</subfield>
    <subfield code="a">BPMET</subfield>
    <subfield code="b">BPMET</subfield>
    <subfield code="d">2016-04-08</subfield>
    <subfield code="e">Donaci&#xF3;n</subfield>
    <subfield code="l">0</subfield>
    <subfield code="o">373.7   M425u    1ro.   2001</subfield>
    <subfield code="p">BPMSU16040253</subfield>
    <subfield code="r">2016-04-08</subfield>
    <subfield code="t">ej. 2</subfield>
    <subfield code="w">2016-04-08</subfield>
    <subfield code="y">BK</subfield>
  </datafield>
  <datafield tag="956" ind1=" " ind2=" ">
    <subfield code="a">DGARCIA</subfield>
    <subfield code="b">10</subfield>
    <subfield code="c">20150710</subfield>
    <subfield code="l">BND01</subfield>
    <subfield code="h">0749</subfield>
  </datafield>
  <datafield tag="956" ind1=" " ind2=" ">
    <subfield code="a">YLOCKWARD</subfield>
    <subfield code="b">10</subfield>
    <subfield code="c">20150710</subfield>
    <subfield code="l">BND01</subfield>
    <subfield code="h">1128</subfield>
  </datafield>
  <datafield tag="956" ind1=" " ind2=" ">
    <subfield code="a">VMATEO</subfield>
    <subfield code="b">10</subfield>
    <subfield code="c">20150727</subfield>
    <subfield code="l">BPMSU</subfield>
    <subfield code="h">00151</subfield>
  </datafield>
  <datafield tag="956" ind1=" " ind2=" ">
    <subfield code="a">BTAV&#xC1;REZ</subfield>
    <subfield code="b">10</subfield>
    <subfield code="c">20160407</subfield>
    <subfield code="l">BPMSU</subfield>
    <subfield code="h">00159</subfield>
  </datafield>
  <datafield tag="999" ind1=" " ind2=" ">
    <subfield code="c">8024</subfield>
    <subfield code="d">8024</subfield>
  </datafield>
</record>
